000 00534nam a2200133Ia 4500
005 20260209120151.0
008 260209s9999||||xx |||||||||||||| ||und||
100 _aTanmay Gupta
245 0 _aNuclear disarmament and non-proliferation initiatives : implications for global security in 21st century
260 _aBangaloreBangalore
_bNLSIU, Bangalore
_c2023 - 2024
300 _a42 p. ; 25 cm.
700 _aDr. Akhila Basalalli - SupervisorDr. Akhila Basalalli - Supervisor
856 _uhttps://dans.nls.ac.in/handle/123456789/2207
999 _c217719
_d217719